Postavenie Indie v rámci Ázie diplomová práca

Enregistré dans:
Détails bibliographiques
Auteur principal: Pagáčová, Michaela
Collectivité auteur: Obchodná fakulta EU. Katedra medzinárodného obchodu
Autres auteurs: Baumgartner, Boris
Format: Livre
Langue:slovaque
Publié: Bratislava 2019
Tags: Ajouter un tag
Pas de tags, Soyez le premier à ajouter un tag!

MARC

LEADER 00000nbm a2200000 4500
001 0253921
005 20191004135608.1
041 0 |a slo 
044 |a SK 
245 1 0 |a Postavenie Indie v rámci Ázie  |b diplomová práca  |c Michaela Pagáčová ; školiteľ: Boris Baumgartner 
264 1 |a Bratislava  |c 2019 
300 |a 72 s. 
100 1 |a Pagáčová, Michaela 
700 1 |a Baumgartner, Boris 
710 2 |a Obchodná fakulta EU. Katedra medzinárodného obchodu